Changing trends in library and information science : (Record no. 135507)
[ view plain ]
| 000 -LEADER | |
|---|---|
| fixed length control field | 00730nam a22002057a 4500 |
| 005 - DATE AND TIME OF LATEST TRANSACTION | |
| control field | 20170124110246.0 |
| 010 ## - LIBRARY OF CONGRESS CONTROL NUMBER | |
| LC control number | B-019285 |
| 020 ## - INTERNATIONAL STANDARD BOOK NUMBER | |
| Terms of availability | 450.00 |
| International Standard Book Number | 8170002559 |
| 035 ## - SYSTEM CONTROL NUMBER | |
| System control number | B-019285 |
| 037 ## - SOURCE OF ACQUISITION | |
| Source of stock number/acquisition | Cen Lib/Ret |
| 040 ## - CATALOGING SOURCE | |
| Original cataloging agency | DPL |
| Language of cataloging | EN |
| 082 ## - DEWEY DECIMAL CLASSIFICATION NUMBER | |
| Classification number | 020 |
| Item number | CHA |
| 245 ## - TITLE STATEMENT | |
| Title | Changing trends in library and information science : |
| Remainder of title | seminar volume / |
| Statement of responsibility, etc | edited by M. D. Baby, R. Raghunathan [and] Stanly James Pradeepam |
| 260 ## - PUBLICATION, DISTRIBUTION, ETC. (IMPRINT) | |
| Place of publication, distribution, etc | New Delhi : Ess Ess |
| Name of publisher, distributor, etc | Ess Ess Publications |
| Date of publication, distribution, etc | 2000 |
| 270 ## - ADDRESS | |
| City | 4837/24, Ansari Road, Darya Ganj |
| Address | Museum Street |
| 300 ## - PHYSICAL DESCRIPTION | |
| Extent | 189p. |
| Dimensions | 21cm(Hb) |
| 650 ## - SUBJECT ADDED ENTRY--TOPICAL TERM | |
| Topical term or geographic name as entry element | Library science -- Congresses. |
| 9 (RLIN) | 97460 |
| 650 ## - SUBJECT ADDED ENTRY--TOPICAL TERM | |
| Topical term or geographic name as entry element | Information science -- Congresses. |
| 9 (RLIN) | 97461 |
| 942 ## - ADDED ENTRY ELEMENTS (KOHA) | |
| Source of classification or shelving scheme | Dewey Decimal Classification |
| Koha item type | English Books |
| Classification part | 020 |
| Call number suffix | CHA |
| Withdrawn status | Lost status | Damaged status | Not for loan | Collection code | Home library | Current library | Date acquired | Source of acquisition | Cost, normal purchase price | Total Checkouts | Full call number | Barcode | Date last seen | Copy number | Cost, replacement price | Price effective from | Koha item type |
|---|---|---|---|---|---|---|---|---|---|---|---|---|---|---|---|---|---|
| Not For Loan | Reference | Central Library | Central Library | 06/10/2015 | Cen Lib/Ret | 450.00 | 020 CHA | B-019285 | 06/10/2015 | 1 | 450.00 | 06/10/2015 | English Books |
